000 00938nam a2200301Ia 4500
001 9620
003 IT-RoPAU
008 130308s9999 xx 000 0 und d
040 _aIT-RoPAU
040 _cIT-RoPAU
041 _aFRANCESE
100 _aDe Panafieu Jacques
100 _gCodice Aut. SPICS: 2926
245 _aMass media et publicitè
245 _bMass Media-2-Chanson Disque Radio
250 _a1a ed.
260 _aTOURNAI
260 _bBloud & Gay
260 _c1966 [1° Ed.:1966 - Ed.Ling.Originale:1966]
300 _a"20 p. (prefazione: no ; testo: 20 [pagine: 5-24])"
500 _aMass Media e Pubblicità Storia della Pubblicità Pubblicità moderna Sistema Economico e Sociale Stazioni Pubblicitarie Tecniche e Linguaggio Formazione e Cultura
650 _aSAGGI DI COMUNICAZIONE SOCIALE
650 _eCodice materia Spics: 3807
942 _cBK
957 _71
999 _c45154
_d45154
999 _bSI
999 _g1